000 008130000a22002170004500
001 719
020 _a958-9359-24-8
041 0 _aSPA
082 0 4 _aG 268.432 S459a
100 1 _aSeiferling K., Susana
245 1 0 _aOidores y hacedores : Pre-escolares / Susana Seiferling K.
260 _aBogotá, Colombia : Asociación Misión Acción Internacional
440 0 _aOidores y Hacedores
500 _aEstudios bíblicos para niños de 3 a 5 años (o para los que hayan cumplido por lo menos 1 grado escolar)
505 0 0 _aVol. 2 Tomo 1 : Confio en Dios (Josué, Jueces, Rut y Job) Vol. 2 Tomo 2 : Jesús me enseña (Parábolas)
650 1 4 _aEDUCACION RELIGIOSA DE NIÑOS
942 _cBK
999 _c32184
_d32184
336 _atexto
_btxt
_2rdacontent
337 _2rdamedia
_asin mediación
_bn
338 _2rdacarrier
_avolumen
_bnc